| 000 | 00766nam a22002177a 4500 | ||
|---|---|---|---|
| 005 | 20240307104256.0 | ||
| 010 | _aENG-139568 | ||
| 020 |
_a9788195264001 _c395.00 |
||
| 035 | _aEN-123100 | ||
| 037 | _bDBAD/PUB | ||
| 082 | _a136.7 | ||
| 100 |
_aMehta, Pradeep Kumar _962891 |
||
| 245 |
_aEverything you want to ask about: _bYour bundle of joy/ _cBy Pradeep Kumar Mehta and Edited by Deepshikha Seth _hEnglish |
||
| 260 |
_bIvynib Communications Pvt Ltd _aNew Delhi _c2021 |
||
| 270 | _aA-1010 ATS Bouquet Sector 132, Noida | ||
| 300 |
_a189p. _c23cm(hbk) |
||
| 500 | _aA Practical Guide to Raising a Happy Child | ||
| 700 |
_aMehta, Pradeep Kumar _eAutor _962847 |
||
| 700 |
_aSeth, Deepshikha _eEditor _962848 |
||
| 942 |
_2ddc _cEN _h136.7 _mMEH |
||
| 999 |
_c201265 _d201265 |
||